| 000 | 00748nam a22002177a 4500 | ||
|---|---|---|---|
| 003 | OSt | ||
| 005 | 20250808065308.0 | ||
| 008 | 240524b |||||||| |||| 00| 0 eng d | ||
| 020 | _a9786214271580 | ||
| 040 |
_aDWC-Main lib. _cOC |
||
| 082 | _aFil. 005.8 P788i 2023 | ||
| 100 | _aPomperada, Jake R. | ||
| 245 |
_aIntroduction to cybersecurity / _cJake R. Pomperada |
||
| 260 |
_aIntramuros, Manila, Philippines : _bUnlimited Books Library Services and Publishing, _cc2023. |
||
| 300 |
_axii, 165 pages : _billustrations ; _c26cm. |
||
| 504 | _aIncludes bibliographical references. | ||
| 650 | _a1. Computer security. | ||
| 650 | _a2. Computer networks -- Security Measures. | ||
| 700 | _aCastellano, Jason V. | ||
| 942 |
_2ddc _cBK - FIL _kFil. _n0 |
||
| 999 |
_c50 _d50 |
||